| 000 | 00695nam a2200181Ia 4500 | ||
|---|---|---|---|
| 008 | 151202s9999||||xx |||||||||||||| ||und|| | ||
| 082 | _bPNVM-46231 | ||
| 100 | _aकुंटे मोरेश्वर. | ||
| 245 | _aमंदिरातील प्राणी-विश्व. | ||
| 260 | _b"मंदिर कोश प्रकाशन,पुणे." | ||
| 260 | _c2003 | ||
| 300 | _a104 | ||
| 600 | _aकुंटे मोरेश्वर. | ||
| 630 | _aमंदिरातील प्राणी-विश्व. | ||
| 700 | _aकुंटे मोरेश्वर. | ||
| 730 | _aमंदिरातील प्राणी-विश्व. | ||
| 942 | _cBOOK | ||
| 999 |
_c1312181 _d1312178 |
||